| 000 | 00753nam a2200205Ia 4500 | ||
|---|---|---|---|
| 003 | GCL | ||
| 008 | 140319s9999 xx 000 0 ara d | ||
| 040 |
_aGCL / _cGCL |
||
| 082 | 0 | 4 |
_a953.074 _bع ت |
| 100 | 1 | _aعبدالاه بن على الوزير | |
| 245 | 1 | 0 |
_aتاريخ اليمن خلال القرن الحادى عشر الهجرى والسابع عشر الميلادى / _cعبدالاه بن على الوزير |
| 700 | 1 | _aمحمد عبدالرحيم جارم (تحقيق) | |
| 260 |
_a[S.N] : _bدار المسيرة للنشر والتوزيع والطباعة ، _c1985 |
||
| 300 | _a421 ص | ||
| 490 | _a | ||
| 650 | 0 | 4 | _aتاريخ |
| 650 | 0 | 4 | _aاليمن |
| 650 | 0 | 4 | _aشبه الجزيرة العربية |
| 942 |
_2ddc _cBK |
||
| 999 |
_c35146 _d35146 |
||